South wind.

Saved in:
Bibliographic Details
Main Author: Douglas, Norman, 1868-1952
Format: Book
Language:English
Published: London : Secker & Warburg, 1947.
Edition:[Revised edition].
LEADER 00800nam a22002291 4500
001 c000069902
003 CARM
005 00000000000000.0
008 970305s1947 enk 00000 eng d
019 1 |a 13046346  |5 LACONCORD2021 
035 |a (OCoLC)5156126  |5 LACONCORD2021 
040 |a VMOU  |c VMOU 
100 1 |a Douglas, Norman,  |d 1868-1952. 
245 1 0 |a South wind. 
250 |a [Revised edition]. 
260 |a London :  |b Secker & Warburg,  |c 1947. 
500 |a First published 1946. 
500 |a Another edition. London, Mercury Books, 1965 
852 8 |b CARM  |h A2:AI18G0  |i A01999  |p 0139068  |f BK 
082 0 |a 820.912 
999 f f |i 33f6d08a-4166-5373-86a3-ff407e89db93  |s a9896244-73be-5764-a919-52aba61fe648 
952 f f |p Can circulate  |a CAVAL  |b CAVAL  |c CAVAL  |d CARM 1 Store  |e A01999  |f A2:AI18G0  |h Other scheme  |i book  |m 0139068